[Event "Chigorin Memorial 2018"]
[Site "St. Petersburg"]
[Date "2018.11.02"]
[Round "7.15"]
[White "Savitskiy, Sergey"]
[Black "Ter-Sahakyan, Samvel"]
[Result "0-1"]
[WhiteElo "2413"]
[BlackElo "2547"]
[Annotator "TA"]
[PlyCount "76"]
[EventDate "2018.10.27"]
[EventType "swiss"]
[EventCountry "RUS"]
[WhiteTeam "Russland"]
[BlackTeam "Armenien"]
[WhiteTeamCountry "RUS"]
[BlackTeamCountry "ARM"]

1. e4 c5 2. Nf3 Nc6 3. Bb5 g6 4. O-O Bg7 5. c3 Nf6 6. Re1 O-O 7. d4 cxd4 8. cxd4 d5 9. e5 Ne4 10. Bxc6 bxc6 11. Nbd2 c5 12. dxc5 Nxc5 13. Nb3 Nxb3 14. Qxb3 d4 15. Rd1 Be6 16. Qa3 Qc7 17. Bg5 Rfe8 18. Rac1 Qb7 19. Nxd4 Bd5 20. Qg3 Qxb2 21. Rc2 Qb7 22. Rcd2 h6 23. Nf5 hxg5 24. Nxg7 Kxg7 25. Rxd5 Red8 26. Rxd8 Rxd8 27. Rc1 Qe4 28. Qxg5 Rd5 29. h3 Rxe5 30. Qd2 Rd5 31. Qc3+ e5 32. Re1 Qd4 33. Qf3 Qd2 34. Re2 Qc1+ 35. Kh2 Rb5 36. g3 Qd1 37. Qe3 Rb1 38. Qxe5+ Kh7 0-1

[Event "Chigorin Memorial 2018"]
[Site "St. Petersburg"]
[Date "2018.11.02"]
[Round "7.16"]
[White "Lobanov, Sergei"]
[Black "Nikitenko, Mihail"]
[Result "0-1"]
[WhiteElo "2539"]
[BlackElo "2389"]
[Annotator "TA"]
[PlyCount "94"]
[EventDate "2018.10.27"]
[EventType "swiss"]
[EventCountry "RUS"]
[WhiteTeam "Russland"]
[BlackTeam "Weißrussland"]
[WhiteTeamCountry "RUS"]
[BlackTeamCountry "BLR"]

1. Nf3 Nf6 2. e3 d5 3. c4 c6 4. Nc3 e6 5. b3 Nbd7 6. Bb2 Bd6 7. d4 Qe7 8. Qc2 O-O 9. Be2 b6 10. O-O Bb7 11. e4 Nxe4 12. Nxe4 dxe4 13. Qxe4 f5 14. Qe3 c5 15. Rad1 Rae8 16. Rfe1 Nf6 17. Ne5 Ne4 18. f4 cxd4 19. Bxd4 Bb4 20. Rf1 Rd8 21. Nf3 Rd7 22. Ne5 Rd6 23. Nf3 Rfd8 24. Rd3 Nd2 25. Nxd2 Rxd4 26. Rxd4 Rxd4 27. Nf3 Re4 28. Qd3 Rxf4 29. Rd1 h6 30. Qd8+ Qxd8 31. Rxd8+ Kh7 32. Rd7 Bc6 33. Rxa7 Bc5+ 34. Kf1 Bxf3 35. gxf3 Rh4 36. Kg2 Rd4 37. a4 Rd2 38. Kf1 Ra2 39. Rc7 Ra1+ 40. Kg2 Rg1+ 41. Kh3 Re1 42. Bd3 Re3 43. Rd7 Rxf3+ 44. Kg2 Rf2+ 45. Kg3 Ra2 46. Kf4 Ra1 47. Rb7 Re1 0-1

[Event "Chigorin Memorial 2018"]
[Site "St. Petersburg"]
[Date "2018.11.02"]
[Round "7.17"]
[White "Nikologorsky, Matfei"]
[Black "Burmakin, Vladimir"]
[Result "1/2-1/2"]
[WhiteElo "2235"]
[BlackElo "2523"]
[Annotator "TA"]
[PlyCount "74"]
[EventDate "2018.10.27"]
[EventType "swiss"]
[EventCountry "RUS"]
[WhiteTeam "Russland"]
[BlackTeam "Russland"]
[WhiteTeamCountry "RUS"]
[BlackTeamCountry "RUS"]

1. e4 c6 2. d4 d5 3. Nc3 g6 4. e5 h5 5. Bd3 Nh6 6. Nf3 Bf5 7. Bg5 Qb6 8. a3 Na6 9. b4 Bxd3 10. Qxd3 Nc7 11. O-O Ne6 12. a4 Nxg5 13. Nxg5 e6 14. b5 Be7 15. a5 Qc7 16. Nf3 O-O 17. bxc6 Qxc6 18. Rfb1 Rfc8 19. Rb3 Nf5 20. h3 h4 21. Nd1 Qxc2 22. Qxc2 Rxc2 23. Rxb7 Bf8 24. Nb2 a6 25. Rb6 Be7 26. Nd3 Bd8 27. Nb4 Rb2 28. Rxa6 Rxa6 29. Nxa6 Rb5 30. Nc5 Bxa5 31. Nd7 Kg7 32. Nf6 Kh6 33. Ng4+ Kg7 34. Nf6 Kh6 35. Ng4+ Kg7 36. Nf6 Kh6 37. Ng4+ Kg7 1/2-1/2

[Event "Chigorin Memorial 2018"]
[Site "St. Petersburg"]
[Date "2018.11.02"]
[Round "7.18"]
[White "Nesterov, Arseniy"]
[Black "Sorokin, Aleksey"]
[Result "1-0"]
[WhiteElo "2378"]
[BlackElo "2522"]
[Annotator "TA"]
[PlyCount "139"]
[EventDate "2018.10.27"]
[EventType "swiss"]
[EventCountry "RUS"]
[WhiteTeam "Russland"]
[BlackTeam "Russland"]
[WhiteTeamCountry "RUS"]
[BlackTeamCountry "RUS"]

1. Nf3 d5 2. d4 e6 3. c4 c6 4. e3 Bd6 5. Be2 Nf6 6. O-O Nbd7 7. Nc3 O-O 8. b3 b6 9. Bb2 Bb7 10. Qc2 c5 11. cxd5 exd5 12. Rfd1 Qe7 13. Rac1 Rac8 14. Qf5 a6 15. dxc5 bxc5 16. Nxd5 Bxd5 17. Rxd5 Nxd5 18. Qxd5 Rcd8 19. Qf5 a5 20. h4 g6 21. Qc2 Ne5 22. Bxe5 Bxe5 23. Qxc5 Bf6 24. Qxa5 Bxh4 25. Rc7 Qe4 26. Rc4 Qb1+ 27. Qe1 Qxe1+ 28. Nxe1 Rd2 29. Kf1 Be7 30. Nc2 Rd7 31. a4 Ra8 32. Nd4 Bf6 33. Bf3 Ra6 34. Ke2 Rdd6 35. Nb5 Rdb6 36. Nc7 Ra7 37. Nd5 Rd6 38. Nxf6+ Rxf6 39. Rc8+ Kg7 40. Kd3 h5 41. Rc6 Rf5 42. e4 Re5 43. Kd4 f6 44. Rc5 Re8 45. a5 Rb8 46. Kc4 Rab7 47. Bd1 Rb4+ 48. Kc3 Rxe4 49. Rc7+ Kh6 50. a6 Re1 51. a7 Rd8 52. Bc2 Ra8 53. Kb2 f5 54. b4 h4 55. b5 Re6 56. Kc3 Kg5 57. Bb3 Re1 58. b6 Ra1 59. Bd5 Rd8 60. a8=Q Raxa8 61. Bxa8 Rxa8 62. Kb4 Kg4 63. Kb5 h3 64. Rc4+ f4 65. gxh3+ Kf3 66. b7 Rb8 67. Kb6 g5 68. Rc5 g4 69. hxg4 Kxf2 70. Rc8 1-0

[Event "Chigorin Memorial 2018"]
[Site "St. Petersburg"]
[Date "2018.11.02"]
[Round "7.19"]
[White "Hakobyan, Hovhannes H."]
[Black "Khanin, Semen"]
[Result "0-1"]
[WhiteElo "2168"]
[BlackElo "2510"]
[Annotator "TA"]
[PlyCount "102"]
[EventDate "2018.10.27"]
[EventType "swiss"]
[EventCountry "RUS"]
[WhiteTeam "Armenien"]
[BlackTeam "Russland"]
[WhiteTeamCountry "ARM"]
[BlackTeamCountry "RUS"]

1. e4 c5 2. Nf3 e6 3. Nc3 a6 4. d4 cxd4 5. Nxd4 b5 6. Bd3 Qc7 7. O-O Bb7 8. Re1 Bc5 9. Be3 Ne7 10. Qh5 Bb6 11. e5 Bxd4 12. Bxd4 Ng6 13. Ne4 Bxe4 14. Bxe4 Nc6 15. Bc5 Ncxe5 16. Bd4 Rc8 17. f4 f5 18. Bxe5 Qc5+ 19. Kh1 fxe4 20. b4 Qe7 21. f5 exf5 22. Qxf5 Nxe5 23. Rxe4 Rf8 24. Qxe5 Qxe5 25. Rxe5+ Kd8 26. Re2 Rf4 27. a3 Rc3 28. g3 Rfc4 29. Ra2 h5 30. Rd2 Kc7 31. Kg2 h4 32. gxh4 Rxh4 33. a4 bxa4 34. Rxa4 Rc6 35. c3 Rg4+ 36. Kf2 Rh6 37. h3 Rf6+ 38. Ke2 Rg2+ 39. Kd1 Rg3 40. b5 axb5 41. Ra7+ Kb6 42. Rdxd7 Rxc3 43. Rdb7+ Kc5 44. Rc7+ Kb4 45. Rxc3 Kxc3 46. Rxg7 b4 47. Rg1 Kb2 48. Kd2 b3 49. Kd3 Rf3+ 50. Kc4 Rxh3 51. Rg2+ Ka3 0-1

[Event "Chigorin Memorial 2018"]
[Site "St. Petersburg"]
[Date "2018.11.02"]
[Round "7.20"]
[White "Mohite, Ranveer"]
[Black "Gagare, Shardul"]
[Result "0-1"]
[WhiteElo "2091"]
[BlackElo "2501"]
[Annotator "TA"]
[PlyCount "82"]
[EventDate "2018.10.27"]
[EventType "swiss"]
[EventCountry "RUS"]
[WhiteTeam "Indien"]
[BlackTeam "Indien"]
[WhiteTeamCountry "IND"]
[BlackTeamCountry "IND"]

1. e4 d6 2. d4 Nf6 3. Nc3 g6 4. f4 Bg7 5. Nf3 O-O 6. Bd3 Nc6 7. e5 dxe5 8. fxe5 Ng4 9. Be4 f6 10. Bd5+ Kh8 11. O-O fxe5 12. Ng5 e6 13. Rxf8+ Qxf8 14. Qxg4 exd5 15. Qh4 h6 16. dxe5 Nxe5 17. Bf4 Ng4 18. Rf1 Kg8 19. h3 Bd4+ 20. Kh1 Nf2+ 21. Kh2 hxg5 22. Qxg5 Bf5 23. Nxd5 Ne4 24. Qh4 Bf6 25. Qe1 Qc5 26. Nxf6+ Nxf6 27. b4 Qc4 28. Rf3 Re8 29. Qh4 Nd5 30. Qg5 Qxb4 31. Bg3 Qe4 32. c4 Ne3 33. Bf2 Qe5+ 34. Bg3 Qe4 35. Bf2 Nxc4 36. Rf4 Qd5 37. Bd4 c5 38. Ba1 Re2 39. Rh4 Qd6+ 40. Kg1 Re1+ 41. Kf2 Rxa1 0-1

[Event "Chigorin Memorial 2018"]
[Site "St. Petersburg"]
[Date "2018.11.02"]
[Round "7.21"]
[White "Smirnov, Timofey"]
[Black "Aleksandrov, Aleksej"]
[Result "1/2-1/2"]
[WhiteElo "2332"]
[BlackElo "2602"]
[PlyCount "85"]
[EventDate "2018.10.27"]
[EventType "swiss"]
[EventCountry "RUS"]
[WhiteTeam "Russland"]
[BlackTeam "Weißrussland"]
[WhiteTeamCountry "RUS"]
[BlackTeamCountry "BLR"]

1. e4 e5 2. Nf3 Nc6 3. Bc4 Bc5 4. Nc3 Nf6 5. d3 d6 6. Bg5 h6 7. Bxf6 Qxf6 8. Nd5 Qd8 9. c3 Ne7 10. Ne3 O-O 11. O-O Bxe3 12. fxe3 Ng6 13. d4 Qe7 14. Qc2 Be6 15. Bxe6 Qxe6 16. d5 Qd7 17. c4 Rac8 18. Rac1 c6 19. Rfd1 Ne7 20. dxc6 Qxc6 21. Qd3 Qb6 22. b3 Rc6 23. Rc2 a6 24. Nh4 g6 25. Rf2 Qc5 26. Rf6 b5 27. cxb5 axb5 28. Rxd6 Rxd6 29. Qxd6 Qxe3+ 30. Kh1 Qe2 31. Rg1 Re8 32. Qxe5 b4 33. h3 Qxa2 34. Nxg6 fxg6 35. Qe6+ Kh8 36. Qf6+ Kg8 37. Qe6+ Kg7 38. Rf1 Nf5 39. Qxe8 Ng3+ 40. Kg1 Qa7+ 41. Rf2 Ne2+ 42. Kf1 Ng3+ 43. Kg1 1/2-1/2

[Event "Chigorin Memorial 2018"]
[Site "St. Petersburg"]
[Date "2018.11.02"]
[Round "7.22"]
[White "Tsydypov, Zhamsaran"]
[Black "Gomes, Mary Ann"]
[Result "1-0"]
[WhiteElo "2530"]
[BlackElo "2302"]
[Annotator "TA"]
[PlyCount "99"]
[EventDate "2018.10.27"]
[EventType "swiss"]
[EventCountry "RUS"]
[WhiteTeam "Russland"]
[BlackTeam "Indien"]
[WhiteTeamCountry "RUS"]
[BlackTeamCountry "IND"]

1. Nf3 c5 2. c4 Nc6 3. Nc3 e5 4. g3 g6 5. Bg2 Bg7 6. a3 d6 7. O-O Be6 8. d3 h6 9. Rb1 a5 10. Ne1 Nge7 11. Nc2 d5 12. cxd5 Nxd5 13. Be3 Nd4 14. Bd2 O-O 15. Ne3 Nxe3 16. fxe3 Nb3 17. Bxb7 Ra7 18. Bc6 c4 19. Be1 Qb6 20. Bd5 cxd3 21. exd3 Rd7 22. Na4 Qb5 23. Bxe6 fxe6 24. Rxf8+ Kxf8 25. Nc3 Qb6 26. Qe2 Qa6 27. Rd1 a4 28. Ne4 Kg8 29. Bb4 Qc6 30. Nc3 Rf7 31. Qg2 Qd7 32. Qa8+ Bf8 33. Qe4 Bxb4 34. axb4 Kh7 35. b5 Rf8 36. Qxe5 Qf7 37. Qf4 Qg7 38. Qxa4 Nc5 39. Qg4 Qe5 40. Qe2 Nd7 41. d4 Qd6 42. Rf1 Rxf1+ 43. Qxf1 Kg7 44. Qc4 Kf7 45. Qc6 Ke7 46. Qxd6+ Kxd6 47. Kf2 e5 48. Ke2 exd4 49. exd4 Nf6 50. Kd3 1-0

[Event "Chigorin Memorial 2018"]
[Site "St. Petersburg"]
[Date "2018.11.02"]
[Round "7.23"]
[White "Khegay, Dmitriy"]
[Black "Konaplev, Anton"]
[Result "1/2-1/2"]
[WhiteElo "2499"]
[BlackElo "2320"]
[Annotator "TA RC"]
[PlyCount "133"]
[EventDate "2018.10.27"]
[EventType "swiss"]
[EventCountry "RUS"]
[WhiteTeam "Russland"]
[BlackTeam "Russland"]
[WhiteTeamCountry "RUS"]
[BlackTeamCountry "RUS"]

1. e4 e6 2. d4 d5 3. Nd2 c5 4. exd5 exd5 5. Bb5+ Bd7 6. Bxd7+ Nxd7 7. Ngf3 Ngf6 8. O-O Be7 9. dxc5 Nxc5 10. Nb3 Nce4 11. Nfd4 Nd6 12. Re1 O-O 13. Bg5 Re8 14. Qf3 Nfe4 15. Bxe7 Qxe7 16. Rad1 Nc4 17. Qf5 Qf6 18. Rb1 Nxb2 19. Rxe4 Rxe4 20. Qxf6 gxf6 21. f3 Rxd4 22. Nxd4 Na4 23. Rxb7 Nc5 24. Rb5 Rc8 25. Nf5 Kf8 26. Kf1 Na6 27. Rxd5 Nb4 28. Ra5 Rxc2 29. Rxa7 Rxa2 30. Rc7 Ra8 31. Kf2 Nd3+ 32. Kg3 Ne5 33. f4 Ng6 34. Kf3 h5 35. g3 Rb8 36. h4 Rb3+ 37. Kg2 Rb2+ 38. Kh3 Rb8 39. Rc6 Re8 40. Rc7 Ne7 41. Nxe7 Rxe7 42. Rc5 Kg7 43. Rxh5 Re6 44. Kg4 Ra6 45. Rb5 Kg6 46. h5+ Kh6 47. Rb7 Kg7 48. Rb2 Rc6 49. Rb5 Kh6 50. Kh4 Ra6 51. g4 Kg7 52. Rb4 Rc6 53. Rb7 Rc4 54. f5 Kh6 55. Rb6 Kg7 56. h6+ Kxh6 57. Rxf6+ Kg7 58. Ra6 Rc7 59. Kg5 Rb7 60. f6+ Kh7 61. Ra5 Rb1 62. Rf5 Ra1 63. Rb5 Rc1 64. Kh5 Rh1+ 65. Kg5 Rc1 66. Re5 Ra1 67. Rd5 1/2-1/2

[Event "Chigorin Memorial 2018"]
[Site "St. Petersburg"]
[Date "2018.11.02"]
[Round "7.24"]
[White "Gogin, Maksim"]
[Black "Drygalov, Andrey"]
[Result "0-1"]
[WhiteElo "2310"]
[BlackElo "2477"]
[Annotator "TA"]
[PlyCount "192"]
[EventDate "2018.10.27"]
[EventType "swiss"]
[EventCountry "RUS"]
[WhiteTeam "Russland"]
[BlackTeam "Russland"]
[WhiteTeamCountry "RUS"]
[BlackTeamCountry "RUS"]

1. d4 g6 2. Nf3 Nf6 3. g3 Bg7 4. Bg2 d5 5. O-O O-O 6. c3 Nbd7 7. Nbd2 c5 8. dxc5 Nxc5 9. Nb3 Nce4 10. Ng5 Nd6 11. a4 a5 12. Nf3 b6 13. Bf4 Bb7 14. Qc2 Rc8 15. Rfd1 Nfe4 16. Be5 f6 17. Bxd6 Nxd6 18. h4 e6 19. Nbd4 Re8 20. Qb3 Ne4 21. Qa2 f5 22. Nd2 Nd6 23. e3 Kh8 24. Rac1 Ba6 25. b4 e5 26. N4f3 e4 27. Nd4 axb4 28. cxb4 Bxd4 29. exd4 Bb7 30. f4 h6 31. Qb3 Rg8 32. Nf1 g5 33. Rxc8 Qxc8 34. fxg5 hxg5 35. hxg5 Qd8 36. Qe3 Qxg5 37. Qxg5 Rxg5 38. Kf2 Nc4 39. Ra1 Kg7 40. a5 bxa5 41. bxa5 Ba6 42. Rb1 f4 43. gxf4 Rg4 44. Rb8 Rxf4+ 45. Kg3 Rf6 46. Rd8 Rg6+ 47. Kf2 Rf6+ 48. Kg3 Rg6+ 49. Kf2 e3+ 50. Nxe3 Nxe3 51. Kxe3 Rxg2 52. Rxd5 Ra2 53. Kf4 Kf7 54. Ke5 Ke7 55. Rc5 Kd7 56. Rd5+ Ke7 57. Rc5 Re2+ 58. Kf4 Kd7 59. Rd5+ Kc6 60. Rc5+ Kd6 61. Rh5 Bd3 62. Re5 Ra2 63. Rc5 Ba6 64. Ke3 Ra3+ 65. Kf4 Bb7 66. Rh5 Rf3+ 67. Kg5 Bd5 68. Rh6+ Be6 69. Rh8 Rf5+ 70. Kh4 Rxa5 71. Rf8 Ra1 72. Kg3 Kd5 73. Rf4 Rh1 74. Rh4 Rb1 75. Rf4 Rb3+ 76. Rf3 Rb1 77. Rf4 Kc4 78. d5+ Kxd5 79. Kf2 Ke5 80. Rh4 Rb3 81. Ke2 Bd5 82. Rh5+ Kd4 83. Rh4+ Be4 84. Kf2 Rf3+ 85. Kg2 Rf8+ 86. Kg3 Ke3 87. Rg4 Rf1 88. Kh2 Kf3 89. Rg3+ Kf4 90. Rg4+ Ke3 91. Rg1 Rf8 92. Rg3+ Kf4 93. Rg7 Rh8+ 94. Kg1 Ke3 95. Rg3+ Bf3 96. Kf1 Ra8 0-1

[Event "Chigorin Memorial 2018"]
[Site "St. Petersburg"]
[Date "2018.11.02"]
[Round "7.25"]
[White "Vokhidov, Shamsiddin"]
[Black "Tsvetkov, Andrey"]
[Result "1-0"]
[WhiteElo "2446"]
[BlackElo "2264"]
[Annotator "TA"]
[PlyCount "67"]
[EventDate "2018.10.27"]
[EventType "swiss"]
[EventCountry "RUS"]
[WhiteTeam "Usbekistan"]
[BlackTeam "Russland"]
[WhiteTeamCountry "UZB"]
[BlackTeamCountry "RUS"]

1. e4 c5 2. Nf3 d6 3. Nc3 Nf6 4. d4 cxd4 5. Nxd4 a6 6. Nb3 g6 7. Be2 Bg7 8. g4 b5 9. g5 Nfd7 10. a4 bxa4 11. Rxa4 Nc6 12. h4 h6 13. gxh6 Bxh6 14. Bxh6 Rxh6 15. Qd2 Rh8 16. Nd5 e6 17. Ne3 Nb6 18. Ra1 Bb7 19. h5 gxh5 20. Rd1 Ke7 21. Nc5 dxc5 22. Nf5+ exf5 23. Qg5+ Ke8 24. Rxd8+ Rxd8 25. Rh3 Kd7 26. Rb3 Rhg8 27. Qxf5+ Kc7 28. Qf4+ Kc8 29. Rxb6 Rg1+ 30. Bf1 Nd4 31. f3 h4 32. c3 Nc2+ 33. Kf2 Rg3 34. Bxa6 1-0

[Event "Chigorin Memorial 2018"]
[Site "St. Petersburg"]
[Date "2018.11.02"]
[Round "7.26"]
[White "Isanzhulov, Arystan"]
[Black "Duzhakov, Ilya"]
[Result "1/2-1/2"]
[WhiteElo "2284"]
[BlackElo "2414"]
[Annotator "TA"]
[PlyCount "88"]
[EventDate "2018.10.27"]
[EventType "swiss"]
[EventCountry "RUS"]
[WhiteTeam "Kasachstan"]
[BlackTeam "Russland"]
[WhiteTeamCountry "KAZ"]
[BlackTeamCountry "RUS"]

1. e4 e6 2. d4 d5 3. Nc3 Bb4 4. exd5 exd5 5. Bd3 Nc6 6. Nge2 Nge7 7. O-O Bg4 8. f3 Bf5 9. Bg5 Qd7 10. a3 Ba5 11. Na4 Bb6 12. Nxb6 axb6 13. Bb5 O-O 14. Qd2 Nc8 15. Bf4 Nd6 16. Bxd6 Qxd6 17. Ng3 Bd7 18. Rfe1 Rfe8 19. Rad1 h6 20. c3 Ne7 21. Bxd7 Qxd7 22. Qf4 Ng6 23. Qg4 Qxg4 24. fxg4 Nf4 25. Nf5 Re6 26. g3 Rae8 27. Rxe6 Nxe6 28. Re1 Kh7 29. h4 g6 30. Ne3 c6 31. Kf2 Kg7 32. Nc2 Nc7 33. Ne3 Re6 34. Rd1 Ne8 35. Nf1 Nf6 36. Nh2 Ne4+ 37. Kg2 Nd6 38. Kf2 Nc4 39. Rb1 g5 40. hxg5 hxg5 41. a4 b5 42. axb5 cxb5 43. Nf1 Ra6 44. Ne3 Nxe3 1/2-1/2

[Event "Chigorin Memorial 2018"]
[Site "St. Petersburg"]
[Date "2018.11.02"]
[Round "7.27"]
[White "Ibadov, Dashgyn"]
[Black "Smirnov, Artem"]
[Result "0-1"]
[WhiteElo "2270"]
[BlackElo "2405"]
[PlyCount "78"]
[EventDate "2018.10.27"]
[EventType "swiss"]
[EventCountry "RUS"]
[WhiteTeam "Russland"]
[BlackTeam "Russland"]
[WhiteTeamCountry "RUS"]
[BlackTeamCountry "RUS"]

1. e4 c5 2. Nf3 Nc6 3. d4 cxd4 4. Nxd4 g6 5. Nc3 Bg7 6. Be3 Nf6 7. Nxc6 bxc6 8. e5 Ng8 9. f4 Nh6 10. g4 d6 11. h3 f5 12. exf6 Bxf6 13. Bg2 Bh4+ 14. Kd2 d5 15. Kc1 Nf7 16. Nxd5 cxd5 17. Qxd5 Qxd5 18. Bxd5 Rb8 19. Bxa7 Rb4 20. Be3 Bb7 21. Bxb7 Rxb7 22. a4 Bf6 23. c3 Nd6 24. a5 Kd7 25. a6 Rb5 26. a7 Ra8 27. Ra4 Kc6 28. g5 Bg7 29. Kc2 Kb7 30. Rha1 Nc8 31. Re4 Bf8 32. c4 Nd6 33. Rd4 Rc5 34. Kd3 Rc7 35. Ra4 Nf5 36. Rb4+ Kc6 37. Rb8 Rcxa7 38. Rdd8 Rd7+ 39. Rxd7 Rxb8 0-1

[Event "Chigorin Memorial 2018"]
[Site "St. Petersburg"]
[Date "2018.11.02"]
[Round "7.28"]
[White "Kazakovskiy, Valeriy"]
[Black "Melnikov, Dmitry"]
[Result "1-0"]
[WhiteElo "2405"]
[BlackElo "2207"]
[PlyCount "63"]
[EventDate "2018.10.27"]
[EventType "swiss"]
[EventCountry "RUS"]
[WhiteTeam "Weißrussland"]
[BlackTeam "Russland"]
[WhiteTeamCountry "BLR"]
[BlackTeamCountry "RUS"]

1. d4 f5 2. Bg5 g6 3. e3 Bg7 4. Nd2 Nf6 5. h4 h6 6. Bxf6 Bxf6 7. Nh3 e5 8. dxe5 Bxe5 9. Nf4 Bxf4 10. exf4 O-O 11. Nf3 Re8+ 12. Be2 Nc6 13. O-O d6 14. h5 g5 15. Bc4+ Kg7 16. fxg5 hxg5 17. Re1 Rxe1+ 18. Qxe1 Bd7 19. Be6 g4 20. Qc3+ Kh7 21. Bxd7 gxf3 22. Bxc6 bxc6 23. Qxf3 Qd7 24. Re1 Rg8 25. g3 c5 26. Qd5 Rg5 27. Qe6 Qg7 28. Kg2 a5 29. h6 Qg8 30. Qf6 Qd5+ 31. Kg1 f4 32. Re7+ 1-0

[Event "Chigorin Memorial 2018"]
[Site "St. Petersburg"]
[Date "2018.11.02"]
[Round "7.29"]
[White "Rjabzev, Konstantin"]
[Black "Yagupov, Igor"]
[Result "0-1"]
[WhiteElo "2270"]
[BlackElo "2403"]
[PlyCount "68"]
[EventDate "2018.10.27"]
[EventType "swiss"]
[EventCountry "RUS"]
[WhiteTeam "Russland"]
[BlackTeam "Russland"]
[WhiteTeamCountry "RUS"]
[BlackTeamCountry "RUS"]

1. e4 c5 2. Nf3 Nc6 3. Bb5 g6 4. O-O Bg7 5. Re1 Nf6 6. h3 O-O 7. c3 e5 8. Bxc6 dxc6 9. Nxe5 Re8 10. Nf3 Rxe4 11. d3 Rxe1+ 12. Nxe1 Bf5 13. Be3 b6 14. Na3 Nd5 15. Nac2 Qe7 16. Qf3 Rd8 17. Rd1 h5 18. Bc1 Rd6 19. Ne3 Bd7 20. Nxd5 cxd5 21. Nc2 d4 22. cxd4 Bc6 23. Qg3 cxd4 24. Re1 Re6 25. Rxe6 Qxe6 26. Qg5 Bf6 27. Qf4 g5 28. Qc7 Bb5 29. h4 gxh4 30. Bf4 Kg7 31. Kh2 a5 32. b4 Bxd3 33. bxa5 bxa5 34. Qc5 Qe4 0-1

[Event "Chigorin Memorial 2018"]
[Site "St. Petersburg"]
[Date "2018.11.02"]
[Round "7.30"]
[White "Askerov, Marat"]
[Black "Yeletsky, Ivan"]
[Result "1/2-1/2"]
[WhiteElo "2265"]
[BlackElo "2401"]
[PlyCount "81"]
[EventDate "2018.10.27"]
[EventType "swiss"]
[EventCountry "RUS"]
[WhiteTeam "Russland"]
[BlackTeam "Russland"]
[WhiteTeamCountry "RUS"]
[BlackTeamCountry "RUS"]

1. d4 Nf6 2. c4 g6 3. Nc3 d5 4. cxd5 Nxd5 5. Na4 Bg7 6. e4 Nb6 7. Be3 O-O 8. Nf3 Nxa4 9. Qxa4 b6 10. Be2 Bb7 11. Qc2 Nd7 12. Rd1 Rc8 13. b4 e5 14. d5 c6 15. dxc6 Bxc6 16. O-O Qe7 17. Qb1 f5 18. exf5 gxf5 19. Bg5 Qe6 20. Qb3 Qxb3 21. axb3 b5 22. Rd6 Nb6 23. Rc1 Bd5 24. Rc5 Bxb3 25. Bxb5 Na4 26. Bxa4 Bxa4 27. Ra5 h6 28. Rxa4 hxg5 29. g4 fxg4 30. Nxg5 Rc1+ 31. Kg2 Rc2 32. Rxa7 Rfxf2+ 33. Kg3 Rg2+ 34. Kh4 Rxh2+ 35. Kxg4 Rcg2+ 36. Kf5 Rf2+ 37. Ke4 Re2+ 38. Kd5 Rd2+ 39. Kc6 Rxd6+ 40. Kxd6 Bf8+ 41. Kxe5 1/2-1/2

[Event "Chigorin Memorial 2018"]
[Site "St. Petersburg"]
[Date "2018.11.02"]
[Round "7.31"]
[White "Pershin, Denis"]
[Black "Galchenko, Vadim"]
[Result "1-0"]
[WhiteElo "2397"]
[BlackElo "2135"]
[PlyCount "73"]
[EventDate "2018.10.27"]
[EventType "swiss"]
[EventCountry "RUS"]
[WhiteTeam "Russland"]
[BlackTeam "Russland"]
[WhiteTeamCountry "RUS"]
[BlackTeamCountry "RUS"]

1. e4 e6 2. d4 d5 3. Nc3 Nf6 4. Bg5 Bb4 5. e5 h6 6. Bd2 Bxc3 7. bxc3 Ne4 8. Qg4 Kf8 9. Bd3 Nxd2 10. Kxd2 c5 11. dxc5 Nc6 12. Qf4 Bd7 13. Nf3 g5 14. Qe3 f5 15. Rab1 Rb8 16. h4 f4 17. Qe2 g4 18. Nd4 h5 19. Nxc6 Bxc6 20. Rb4 Qa5 21. Rxf4+ Ke7 22. Qe3 Rbf8 23. Rf6 Kd7 24. Rb1 Rxf6 25. exf6 Rf8 26. Bg6 Rxf6 27. Bxh5 Qxa2 28. Rb4 Ba4 29. c6+ Kd6 30. Rxa4 Qxa4 31. cxb7 Qb5 32. Qxa7 Rf8 33. Bxg4 d4 34. Qa3+ Qc5 35. Qxc5+ Kxc5 36. cxd4+ Kxd4 37. Bxe6 1-0

[Event "Chigorin Memorial 2018"]
[Site "St. Petersburg"]
[Date "2018.11.02"]
[Round "7.32"]
[White "Abdurakhmanov, Mukhmmadali"]
[Black "Kukhmazov, Arsen"]
[Result "1-0"]
[WhiteElo "2106"]
[BlackElo "2395"]
[PlyCount "99"]
[EventDate "2018.10.27"]
[EventType "swiss"]
[EventCountry "RUS"]
[WhiteTeam "Usbekistan"]
[BlackTeam "Russland"]
[WhiteTeamCountry "UZB"]
[BlackTeamCountry "RUS"]

1. e4 c6 2. Nf3 d5 3. exd5 cxd5 4. Ne5 Nc6 5. d4 e6 6. Bb5 Bd7 7. Nxd7 Qxd7 8. c3 Bd6 9. O-O Nge7 10. Nd2 O-O 11. f4 Qc7 12. g3 a6 13. Bd3 b5 14. a3 Na5 15. Nf3 Nc4 16. Qe2 a5 17. Ne5 Ng6 18. h4 Rfc8 19. h5 Nf8 20. b3 Nb6 21. Bd2 a4 22. b4 Nc4 23. Nxc4 bxc4 24. Bc2 Re8 25. Rae1 f6 26. Qf3 Qc6 27. g4 Nd7 28. h6 gxh6 29. Re2 Bf8 30. Rfe1 Bg7 31. g5 hxg5 32. fxg5 f5 33. Bxf5 Nf8 34. Bg4 Re7 35. Qh3 Rae8 36. Bf4 Ng6 37. Bxe6+ Kh8 38. Bg3 Qb6 39. Bg4 Qd8 40. Qh5 Rxe2 41. Rxe2 Rxe2 42. Bxe2 Qe7 43. Kf2 Qe4 44. Qg4 Qc2 45. Qf3 Qb3 46. Qxd5 Qxc3 47. Qd8+ Nf8 48. Be5 Kg8 49. Qd5+ Kh8 50. Qf7 1-0

[Event "Chigorin Memorial 2018"]
[Site "St. Petersburg"]
[Date "2018.11.02"]
[Round "7.33"]
[White "Badelka, Olga"]
[Black "Pesotskiy, Mikhail"]
[Result "1/2-1/2"]
[WhiteElo "2394"]
[BlackElo "2205"]
[PlyCount "78"]
[EventDate "2018.10.27"]
[EventType "swiss"]
[EventCountry "RUS"]
[WhiteTeam "Weißrussland"]
[BlackTeam "Russland"]
[WhiteTeamCountry "BLR"]
[BlackTeamCountry "RUS"]

1. d4 Nf6 2. c4 e6 3. Nc3 Bb4 4. Bd2 b6 5. f3 O-O 6. e4 d5 7. cxd5 exd5 8. e5 Ne8 9. Nge2 f6 10. Qb3 Bxc3 11. Nxc3 Be6 12. exf6 Nxf6 13. O-O-O Nbd7 14. Bb5 c5 15. Bg5 c4 16. Qa3 Qc7 17. Rhe1 Rfe8 18. Bxf6 gxf6 19. Bxd7 Qxd7 20. Re3 Bf7 21. Rde1 Rxe3 22. Rxe3 Re8 23. Rxe8+ Bxe8 24. Ne2 Bg6 25. Kd2 Qf5 26. Ke3 Qc2 27. Qd6 Qxb2 28. Qxf6 Qa3+ 29. Kf4 Qxa2 30. Qd8+ Kg7 31. Qe7+ Kg8 32. Kg5 Qa4 33. Kh6 Bf7 34. Qf6 Kf8 35. Qd6+ Kg8 36. Qg3+ Kf8 37. Qd6+ Kg8 38. Qg3+ Kf8 39. Qd6+ Kg8 1/2-1/2

[Event "Chigorin Memorial 2018"]
[Site "St. Petersburg"]
[Date "2018.11.02"]
[Round "7.34"]
[White "Tencati, Giuseppe"]
[Black "Kotlyar, Kirill"]
[Result "0-1"]
[WhiteElo "2095"]
[BlackElo "2390"]
[PlyCount "108"]
[EventDate "2018.10.27"]
[EventType "swiss"]
[EventCountry "RUS"]
[WhiteTeam "Italien"]
[BlackTeam "Russland"]
[WhiteTeamCountry "ITA"]
[BlackTeamCountry "RUS"]

1. d4 Nf6 2. c4 e6 3. Nc3 d5 4. cxd5 Nxd5 5. e4 Nxc3 6. bxc3 c5 7. Nf3 cxd4 8. cxd4 Bb4+ 9. Bd2 Bxd2+ 10. Qxd2 O-O 11. Bc4 b6 12. O-O Bb7 13. Qe3 Nd7 14. Rfd1 Rc8 15. Rac1 Nf6 16. Bd3 Qe7 17. Bb1 Rfd8 18. a3 h6 19. Ne5 Rxc1 20. Rxc1 Qd6 21. Nf3 Ng4 22. Qd3 e5 23. d5 Nf6 24. Nd2 Nd7 25. f3 g6 26. Qb3 Rc8 27. Rxc8+ Bxc8 28. Qc3 Ba6 29. Kf2 h5 30. Bc2 Nc5 31. g3 h4 32. Kg2 Qe7 33. Qe3 Bb5 34. Bd1 Nd7 35. f4 hxg3 36. hxg3 Nf6 37. Qc3 exf4 38. Bf3 fxg3 39. d6 Qe6 40. Qd4 Nd7 41. Kxg3 Qe5+ 42. Qxe5 Nxe5 43. Kf4 f6 44. Bd1 Kf7 45. Bb3+ Ke8 46. Be6 Bd7 47. Bd5 g5+ 48. Ke3 Bc8 49. Nb3 Kd7 50. Nd4 Kxd6 51. Nb5+ Kc5 52. Nxa7 Bd7 53. Bb7 Nc4+ 54. Kd3 Nd6 0-1